00470nam a2200169Ia 4500003000400000005001700004008004100021020001800062040000700080041000800087082002400095100002500119245009800144260003000242300001500272365001300287OSt20230511164141.0210423s2003 xx 000 0 und d a9788181474117 cAL aeng a660.6072 223bSTEF aSTEPHENSON (Frank H) aCalculation in molecular biology and biotechnology: a guide to mathematics in the laboratory. aUSAbAcademic Pressc2003 axv,302bPB b495cINR